Indra dhanush : (Record no. 144534)

MARC details
000 -LEADER
fixed length control field 00526nam a22001697a 4500
005 - DATE AND TIME OF LATEST TRANSACTION
control field 20170914102345.0
010 ## - LCCN (DPL NO)
LC control number 1718EN-30
020 ## - INTERNATIONAL STANDARD BOOK NUMBER
International Standard Book Number 9788123022710
Terms of availability 1200.00
037 ## - SOURCE OF ACQUISITION
Source of stock number/acquisition Bookwell
Stock number dpl
245 ## - TITLE STATEMENT
Title Indra dhanush :
Statement of responsibility, etc edited by Bishnupriya Dutt
Remainder of title volume II /
260 ## - PUBLICATION, DISTRIBUTION, ETC. (IMPRINT)
Date of publication, distribution, etc 2016
Place of publication, distribution, etc New Delhi
Name of publisher, distributor, etc Rashtrapati Bhawan
270 ## - ADDRESS
Address Rashtrapati Bhawan,
City New Delhi
Postal code 110015
300 ## - PHYSICAL DESCRIPTION
Dimensions 26cm(Hb)
Extent 159p.:
Other physical details ill. (col. pic.)
700 ## - ADDED ENTRY--PERSONAL NAME
Personal name Dutt, Bishnupriya
942 ## - ADDED ENTRY ELEMENTS (KOHA)
Item type English Books
Source of classification or shelving scheme Dewey Decimal Classification
Call number suffix IND

No items available.


© Delhi Public Library
Hit Counter
free hit counter